Los fósiles secundarios de Chile

Saved in:
Bibliografiske detaljer
Hovedforfatter: Philippi, Rodulfo Amando (Author)
Format: Bog
Sprog:spansk
Udgivet: Santiago Gobierno de Chile 1899
Fag:
Tags: Tilføj Tag
Ingen Tags, Vær først til at tagge denne postø!

MARC

LEADER 00000nam a2200000 a 4500
001 UCG5957
003 CL-VaPUC
008 110324e18990000CL |||||||||||||||||spa|d
082 0 4 |a 560  |b PHI  |2 21 
100 0 |a Philippi, Rodulfo Amando  |e author  |9 505016 
245 1 4 |a Los fósiles secundarios de Chile 
300 |a 104 p 
942 |c BK 
945 |d 20110324 00:00:00  |a jcampos 
260 |a Santiago  |b Gobierno de Chile  |c 1899 
600 0 7 |a CHILE  |2 CL-VaPUC  |9 544753 
650 7 |a FOSILES  |2 CL-VaPUC  |9 370434 
650 7 |a TERRENOS SECUNDARIOS  |2 CL-VaPUC  |9 555911 
650 0 |a Moluscos  |9 261245 
583 |a last modification  |c 20110324 00:00:00  |k Rodrigo Vera 
999 |c 344281  |d 344279 
952 |0 0  |1 0  |4 0  |6 560_000000000000000_PHI_1899  |7 0  |8 X  |9 442177  |a FDOBUD  |b FDOBUD  |d 2019-11-22  |i 474912K  |o 560 PHI 1899  |p 474912K  |r 2019-11-22  |w 2019-11-22  |y BK_X  |k BUD